Reseña del primer ejercicio del Instituto de terapéutica operatoria del Hospital de la Princesa / (Record no. 164100)

MARC details
000 -LEADER
campo de control de longitud fija 01197nam a22002295i 4500
001 - NÚMERO DE CONTROL
campo de control 164100
003 - IDENTIFICADOR DE NÚMERO DE CONTROL
campo de control ES-MaACL
005 - FECHA Y HORA DE LA ÚLTIMA TRANSACCIÓN
campo de control 20250907063126.0
008 - DATOS DE LONGITUD FIJA--INFORMACIÓN GENERAL
campo de control de longitud fija 960507s1881 sp |||| | spa d
040 ## - FUENTE DE CATALOGACIÓN
Centro catalogador/agencia de origen CYL
Lengua de catalogación spa
Centro/agencia transcriptor CYL
100 1# - ENTRADA PRINCIPAL--NOMBRE DE PERSONA
Nombre de persona Rubio y Galí, Federico,
Fechas asociadas al nombre 1827-1902
9 (RLIN) 132149
245 10 - MENCIÓN DEL TÍTULO
Título Reseña del primer ejercicio del Instituto de terapéutica operatoria del Hospital de la Princesa /
Mención de responsabilidad, etc. por el Dr. Federico Rubio y Gali.
260 ## - PUBLICACIÓN, DISTRIBUCIÓN, ETC.
Lugar de publicación, distribución, etc. Madrid :
Nombre del editor, distribuidor, etc. [s.n.],
Fecha de publicación, distribución, etc. 1881 (
Fabricante Imprenta de Enrique Teodoro)
300 ## - DESCRIPCIÓN FÍSICA
Extensión [2], 220 p. ;
Dimensiones 20 cm.
505 8# - NOTA DE CONTENIDO CON FORMATO
Nota de contenido con formato Contiene además: Conferencias dadas en el Instituto de terapéutica operatoria (Hospital de la Princesa) acerca de la tisis laríngea, por el Doctor Ariza, p. 137-196
610 24 - PUNTO DE ACCESO ADICIONAL DE MATERIA--NOMBRE DE ENTIDAD CORPORATIVA
Nombre de entidad corporativa o nombre de jurisdicción como elemento de entrada Hospital de la Princesa (Madrid).
Unidad subordinada Instituto de Terapéutica Operatoria.
9 (RLIN) 139310
650 04 - PUNTO DE ACCESO ADICIONAL DE MATERIA--TÉRMINO DE MATERIA
Término de materia o nombre geográfico como elemento de entrada Terapéutica quirúrgica.
9 (RLIN) 17480
700 0# - ENTRADA AGREGADA--NOMBRE PERSONAL
Nombre de persona Ariza y Espejo, Rafael.
9 (RLIN) 22875
852 ## - LOCALIZACIÓN
Ubicación ES-MaACL
Número de control de estantería G-13018
Nota libre -- Enc. hol. conservando la cub. original
Encuadernación -- Edic.:[4], 225 p.
856 ## - LOCALIZACIÓN Y ACCESO ELECTRÓNICOS
Identificador Uniforme de Recursos <a href="http://bibliotecadigitalhispanica.bne.es:80/webclient/DeliveryManager?pid=1832069&custom_att_2=simple_viewer">http://bibliotecadigitalhispanica.bne.es:80/webclient/DeliveryManager?pid=1832069&custom_att_2=simple_viewer</a>
Nota pública Ir a la página
Holdings
Estatus retirado Estado de pérdida Estado de daño No para préstamo Colección Biblioteca de origen Biblioteca actual Ubicación en estantería Fecha de adquisición Fuente de adquisición Total de préstamos Signatura topográfica completa Código de barras Visto por última vez Precio de reemplazo Tipo de ítem Koha
        Colección digital Biblioteca del Ateneo de Madrid Biblioteca del Ateneo de Madrid Sala Pecera Planta 3 17/01/2008     G-13018 1171988 23/02/2023 23/02/2023 Libro impreso antiguo